米芾練字

資料類型: Book 圖書   書目號:55772

Leader xxxxxxxxxx
001 __ PCLIS00055772
005 __ 20220309161147.0
010 0_ |a978-986-499-037-5|b精裝|dNT$300
100 __ |a20190909d2019    d  y0chiy09      e
101 0_ |achi|aeng
102 __ |atw
105 __ |aa   z   000fy
200 1_ |a米芾練字|f王音, 陳寓文字|g李娜繪 ; 王一方英譯
205 __ |a初版
210 __ |a臺北市|c龍少年出版|c龍圖騰文化發行|a新北市汐止區|c聯寶國際文化總經銷|d2019.05[民108]
215 1_ |a[29]面|c彩圖|d23公分
225 1_ |a繪本館|vNCP001
225 2_ |a繪本中國故事
300 __ |a中英對照
333 __ |a適讀年齡: 9歲以上
461 _1 |12001 |a繪本中國故事
606 __ |2cst|a兒童故事
606 __ |2cst|a繪本
681 __ |a859.9|b843
700 _1 |a|b|4701 _1 |a|b|4702 _1 |a|b|4702 _1 |a|b一方|4801 _0 |bTWTCL
801 _1 |atw|b內湖高中|c20220129|gCCR
801 _2 |atw|b內湖高中|c20220129|gCCR
詳細館藏(共 1 筆)
索 書 號登 錄 號冊次號館別 / 館藏地流通類型狀態加入預約清單電子資源
859.9 / 843 2020782  圖書館 / 二樓繪本專區 可外借30天 在館   

| 條列資料




目錄查詢 分類查詢 個人資料 圖書薦購 新書查詢 閉館日 排行榜 更多電子資源 Hami書城 線上資料庫 登出

From : 216.73.216.116

  本日流通累計至 14:46:39 借閱 : 7 次 續借 : 0 次 歸還 : 9 次 預約 : 0 次 電子資源 : 0 次


內湖高中圖書館  PCLIS 版本  25.5.0.2